Anar al contingut

Овладение англоязычной конституционно-правовой терминологией: теория и практика учебное пособие по направлению подготовки 40.03.01 «юриспруденция»

В учебном пособии раскрыты правовые, лингвистические, педагогические аспекты освоения англоязычной конституционно-правовой терминологии, позволяющие сформировать целостные представления об этом процессе на теоретическом и эмпирическом уровнях. Автор раскрывает особенности, способы образования, перев...

Descripció completa

Guardat en:
Dades bibliogràfiques
Autor principal: Тетерин А. В.
Format: Книга
Idioma:Russian
Publicat: Архангельск САФУ 2020
Accés en línia:https://e.lanbook.com/book/227030
https://e.lanbook.com/img/cover/book/227030.jpg
Etiquetes: Afegir etiqueta
Sense etiquetes, Sigues el primer a etiquetar aquest registre!
LEADER 02296nam0a2200265 i 4500
001 227030
003 RuSpLAN
005 20221220174153.0
008 221220s2020 ru gs 000 0 rus
020 |a 978-5-261-01469-0 
040 |a RuSpLAN 
041 0 |a rus 
044 |a ru 
080 |a 342 
084 |a 81.2-92П  |2 rubbk 
245 0 0 |a Овладение англоязычной конституционно-правовой терминологией: теория и практика  |b учебное пособие по направлению подготовки 40.03.01 «юриспруденция»  |c Тетерин А. В. 
260 |a Архангельск  |b САФУ  |c 2020 
300 |a 93 с. 
504 |a Библиогр.: доступна в карточке книги, на сайте ЭБС Лань 
520 8 |a В учебном пособии раскрыты правовые, лингвистические, педагогические аспекты освоения англоязычной конституционно-правовой терминологии, позволяющие сформировать целостные представления об этом процессе на теоретическом и эмпирическом уровнях. Автор раскрывает особенности, способы образования, перевода и толкования конституционно-правовой терминологии, определяет структуру терминологической системы права и пути эффективного овладения иноязычной терминологией с опорой на коммуникативный подход. Пособие адресовано преподавателям, аспирантам, студентам, а также всем интересующимся проблемами юридического языка. 
521 8 |a Книга из коллекции САФУ - Право. Юридические науки 
100 1 |a Тетерин А. В. 
856 4 |u https://e.lanbook.com/book/227030 
856 4 8 |u https://e.lanbook.com/img/cover/book/227030.jpg 
953 |a https://e.lanbook.com/img/cover/book/227030.jpg